[Event "Nova Gorica op 29th"]
[Site "Nova Gorica"]
[Date "2025.01.31"]
[Round "9"]
[White "Mulec, Dejan"]
[Black "Laco, Giuseppe"]
[Result "0-1"]
[WhiteElo "1705"]
[BlackElo "1927"]
[PlyCount "122"]
[EventDate "2025.01.24"]
[EventType "swiss"]
[EventRounds "9"]
[EventCountry "SLO"]
[SourceTitle "CB06_2025"]
[SourceDate "2025.02.05"]
[SourceVersion "1"]
[SourceVersionDate "2025.02.05"]
[SourceQuality "1"]

1. d4 f5 2. Bg5 g6 3. h4 Bg7 4. e3 c5 5. Nc3 h6 6. Bf4 cxd4 7. exd4 Qb6 8. Nb5 d6 9. c3 a6 10. Qb3 axb5 11. Bc4 Nf6 12. Bf7+ Kd8 13. Bxg6 Rf8 14. Nf3 Nc6 15. 0-0 Na5 16. Qc2 Nd5 17. Bh2 Bd7 18. Rfe1 Rc8 19. Qe2 Rf6 20. h5 b4 21. Rac1 Re6 22. Qc2 Rxe1+ 23. Rxe1 bxc3 24. bxc3 Rxc3 25. Qe2 e6 26. Bf7 Nc7 27. Nh4 Bxd4 28. Nxf5 Bxf2+ 29. Qxf2 Qxf2+ 30. Kxf2 exf5 31. Bxd6 Rc2+ 32. Kg3 Bc6 33. Kf4 Rf2+ 34. Ke5 Bxg2 35. Kf6 Be4 36. Rd1 Ne8+ 37. Bxe8 Kxe8 38. Bf8 Rxa2 39. Bxh6 Rh2 40. Bd2 Nc4 41. Bg5 Rxh5 42. Kg6 Rxg5+ 43. Kxg5 Ke7 44. Kf4 Ke6 45. Rd8 b5 46. Rb8 Nd6 47. Rb6 Kd5 48. Rb8 Kc5 49. Ke3 Nc4+ 50. Ke2 f4 51. Re8 f3+ 52. Kf2 Kd4 53. Rb8 Na3 54. Rd8+ Bd5 55. Re8 Nc2 56. Rc8 Be4 57. Rd8+ Kc3 58. Rc8+ Kd3 59. Rd8+ Nd4 60. Ke1 Ke3 61. Kf1 Bd3+ 0-1

[Event "Nova Gorica op 29th"]
[Site "Nova Gorica"]
[Date "2025.01.28"]
[Round "6"]
[White "Markovcic, Gregor"]
[Black "Mulec, Dejan"]
[Result "0-1"]
[WhiteElo "1617"]
[BlackElo "1705"]
[PlyCount "118"]
[EventDate "2025.01.24"]
[EventType "swiss"]
[EventRounds "9"]
[EventCountry "SLO"]
[SourceTitle "CB06_2025"]
[SourceDate "2025.02.05"]
[SourceVersion "1"]
[SourceVersionDate "2025.02.05"]
[SourceQuality "1"]

1. d4 Nf6 2. c4 e6 3. Nc3 Bb4 4. a3 Bxc3+ 5. bxc3 b6 6. Nf3 Bb7 7. Bf4 d6 8. e3 Nbd7 9. Be2 0-0 10. 0-0 Ne4 11. Qc2 f5 12. Nd2 Nxd2 13. Qxd2 Nf6 14. f3 Nh5 15. e4 Nxf4 16. Qxf4 fxe4 17. Qg4 Rf6 18. fxe4 Rg6 19. Qf4 Qe7 20. d5 Rf6 21. Qg4 Raf8 22. Rf3 exd5 23. cxd5 Rxf3 24. Bxf3 Bc8 25. Qg3 Qf6 26. Rc1 a5 27. h3 Qh6 28. Rc2 Qe3+ 29. Qf2 Qg5 30. Kh2 Ba6 31. Qg3 Qf6 32. Bg4 g6 33. Be6+ Kg7 34. Qe3 Qf4+ 35. Qxf4 Rxf4 36. g4 Kf6 37. Kg3 Ke5 38. Bg8 h6 39. Bh7 g5 40. c4 Kd4 41. h4 Bxc4 42. hxg5 hxg5 43. Bf5 Rf1 44. Rh2 Ke3 45. Rc2 Kd4 46. Rd2+ Ke3 47. Rc2 b5 48. Kg2 Ra1 49. Rf2 Ra2 50. Rxa2 Bxa2 51. Bd7 b4 52. axb4 axb4 53. e5 dxe5 54. d6 cxd6 55. Bf5 d5 56. Kf1 Kd2 57. Kf2 b3 58. Kf3 e4+ 59. Bxe4 dxe4+ 0-1

[Event "Nova Gorica op 29th"]
[Site "Nova Gorica"]
[Date "2025.01.24"]
[Round "1"]
[White "Rigatti, Giorgio"]
[Black "Mulec, Dejan"]
[Result "1-0"]
[WhiteElo "1866"]
[BlackElo "1705"]
[PlyCount "119"]
[EventDate "2025.01.24"]
[EventType "swiss"]
[EventRounds "9"]
[EventCountry "SLO"]
[SourceTitle "CB06_2025"]
[SourceDate "2025.02.05"]
[SourceVersion "1"]
[SourceVersionDate "2025.02.05"]
[SourceQuality "1"]

1. e4 d6 2. d4 Nf6 3. Nc3 Nbd7 4. Nf3 e5 5. Bc4 Be7 6. 0-0 c6 7. a4 h6 8. Qe2 Qc7 9. Bb3 g5 10. Be3 Nf8 11. Qc4 Ne6 12. d5 cxd5 13. Nxd5 Nxd5 14. Qxd5 Bd7 15. Nd2 Qc6 16. Rfd1 Qxd5 17. Bxd5 Bc6 18. Nc4 Kd7 19. f3 Kc7 20. b3 Rhf8 21. g4 Nf4 22. Bxf4 gxf4 23. Kg2 h5 24. h3 hxg4 25. hxg4 Bxd5 26. Rxd5 Rh8 27. Rh1 Rxh1 28. Kxh1 Rh8+ 29. Kg2 Rh6 30. Rd1 Kc6 31. c3 Bh4 32. Rh1 Bg5 33. Rh5 Rxh5 34. gxh5 f6 35. Kh3 d5 36. Nd2 Kd6 37. exd5 Kxd5 38. Ne4 Bh6 39. Nxf6+ Ke6 40. Ne4 Kf5 41. Nd6+ Kg5 42. Nf7+ Kxh5 43. Nxh6 Kxh6 44. Kg4 Kg6 45. b4 Kf6 46. c4 Ke6 47. Kg5 Ke7 48. Kf5 Kd6 49. Ke4 a5 50. bxa5 Kc5 51. Kxe5 Kxc4 52. Kxf4 Kb4 53. Ke5 Kxa5 54. f4 Kxa4 55. f5 b5 56. f6 b4 57. f7 b3 58. f8Q b2 59. Qf1 Kb3 60. Qb1 1-0

[Event "Ljubljana op"]
[Site "Ljubljana"]
[Date "2024.04.28"]
[Round "3"]
[White "Hercog, Nusa"]
[Black "Mulec, Dejan"]
[Result "1-0"]
[WhiteElo "2034"]
[BlackElo "1765"]
[PlyCount "67"]
[EventDate "2024.04.27"]
[EventType "swiss"]
[EventRounds "9"]
[EventCountry "SLO"]
[SourceTitle "CBM 220 Extra"]
[Source "ChessBase"]
[SourceDate "2024.07.31"]
[SourceVersion "1"]
[SourceVersionDate "2024.07.31"]
[SourceQuality "1"]

1. d4 Nf6 2. c4 e6 3. Nf3 b6 4. a3 Bb7 5. e3 Be7 6. Bd3 Ne4 7. 0-0 0-0 8. Qc2 f5 9. Nbd2 Nxd2 10. Nxd2 Rf6 11. f3 Bd6 12. Nb3 Bxh2+ 13. Kxh2 Rh6+ 14. Kg1 Qh4 15. Bd2 Qh2+ 16. Kf2 Rg6 17. Ke1 Rxg2 18. Kd1 Nc6 19. Qc3 Ne7 20. Kc2 Qg3 21. e4 Rf8 22. Rae1 Rf6 23. d5 e5 24. exf5 d6 25. f4 Nxf5 26. Kc1 Nh4 27. fxe5 Rxf1 28. Bxf1 Rg1 29. Qxg3 Rxg3 30. Bc3 dxe5 31. Rxe5 Rg1 32. Nd2 Kf7 33. Rh5 Rh1 34. Rxh7 1-0

[Event "Nova Gorica op 28th"]
[Site "Nova Gorica"]
[Date "2024.01.30"]
[Round "6"]
[White "Mulec, Dejan"]
[Black "Vodnik, Val"]
[Result "0-1"]
[WhiteElo "1577"]
[BlackElo "1661"]
[PlyCount "60"]
[EventDate "2024.01.26"]
[EventType "swiss"]
[EventRounds "9"]
[EventCountry "SLO"]
[SourceTitle "CBM 218 Extra"]
[Source "ChessBase"]
[SourceDate "2024.03.31"]
[SourceVersion "1"]
[SourceVersionDate "2024.03.31"]
[SourceQuality "1"]

1. d4 Nf6 2. Nc3 e6 3. Bf4 d5 4. e3 Bb4 5. Bd3 c5 6. Nf3 c4 7. Be2 Ne4 8. 0-0 Nxc3 9. bxc3 Bxc3 10. Rb1 Nc6 11. Ne5 Nxe5 12. Bxe5 0-0 13. f3 a6 14. Qc1 f6 15. Qa3 Qa5 16. Bd6 Qxa3 17. Bxa3 Re8 18. Bc5 b5 19. a4 Bd7 20. e4 Bc6 21. exd5 exd5 22. Kf2 Reb8 23. axb5 axb5 24. f4 Ra2 25. Bd1 b4 26. Kg3 Ba4 27. Rf3 Bxc2 28. Bxc2 Rxc2 29. Re3 b3 30. Kg4 b2 0-1

[Event "Nova Gorica op 28th"]
[Site "Nova Gorica"]
[Date "2024.01.28"]
[Round "4"]
[White "Pagano, Sergio1"]
[Black "Mulec, Dejan"]
[Result "1-0"]
[WhiteElo "1821"]
[BlackElo "1577"]
[PlyCount "77"]
[EventDate "2024.01.26"]
[EventType "swiss"]
[EventRounds "9"]
[EventCountry "SLO"]
[SourceTitle "CBM 218 Extra"]
[Source "ChessBase"]
[SourceDate "2024.03.31"]
[SourceVersion "1"]
[SourceVersionDate "2024.03.31"]
[SourceQuality "1"]

1. d4 Nf6 2. c4 e6 3. Nc3 Bb4 4. e3 b6 5. Bd3 Bb7 6. f3 Bxc3+ 7. bxc3 c5 8. e4 d6 9. d5 e5 10. f4 Nbd7 11. Nf3 Qe7 12. 0-0 g6 13. a4 0-0 14. fxe5 Nxe5 15. Nxe5 Qxe5 16. Qf3 Nh5 17. Bh6 Ng7 18. Bf4 Qe7 19. g4 f6 20. Qg3 Rad8 21. h4 g5 22. Bd2 h6 23. Rf2 Bc8 24. a5 Qe5 25. Kg2 h5 26. Qxe5 fxe5 27. Rxf8+ Rxf8 28. Bxg5 Bxg4 29. axb6 axb6 30. Rf1 Ra8 31. Be7 Ra2+ 32. Rf2 Ra3 33. Bxd6 Rxc3 34. Rd2 Kf7 35. Bxe5 Rb3 36. Be2 Re3 37. Bxg4 hxg4 38. Bxg7 Kxg7 39. d6 1-0

[Event "Nova Gorica op 28th"]
[Site "Nova Gorica"]
[Date "2024.01.27"]
[Round "2"]
[White "Gratton, Damjan"]
[Black "Mulec, Dejan"]
[Result "0-1"]
[WhiteElo "1691"]
[BlackElo "1577"]
[PlyCount "76"]
[EventDate "2024.01.26"]
[EventType "swiss"]
[EventRounds "9"]
[EventCountry "SLO"]
[SourceTitle "CBM 218 Extra"]
[Source "ChessBase"]
[SourceDate "2024.03.31"]
[SourceVersion "1"]
[SourceVersionDate "2024.03.31"]
[SourceQuality "1"]

1. e4 d6 2. d4 Nf6 3. Nc3 g6 4. Nf3 Bg7 5. Be2 0-0 6. 0-0 Bg4 7. h3 Bxf3 8. Bxf3 Nc6 9. Be3 e5 10. d5 Ne7 11. Qd2 Nd7 12. Bh6 f5 13. exf5 Nxf5 14. Bxg7 Kxg7 15. Ne4 h6 16. Bg4 Nf6 17. Bxf5 gxf5 18. Ng3 Qd7 19. c4 f4 20. Ne2 Qf5 21. Kh2 h5 22. f3 h4 23. Rac1 Rf7 24. c5 Kh8 25. cxd6 cxd6 26. Rc4 Rg8 27. Rf2 Rfg7 28. Nc3 Rg3 29. Rc7 Qg6 30. Rxb7 Rxh3+ 31. Kg1 Qg3 32. Ne2 Qh2+ 33. Kf1 Qh1+ 34. Ng1 Rhg3 35. Qc2 h3 36. Qf5 hxg2+ 37. Ke2 R3g6 38. Qh3+ Rh6 0-1

[Event "SLO-chT3 West"]
[Site "Komenda"]
[Date "2022.12.09"]
[Round "1.4"]
[White "Vertacnik, Viktor"]
[Black "Mulec, Dejan"]
[Result "0-1"]
[WhiteElo "1585"]
[BlackElo "1720"]
[PlyCount "82"]
[EventDate "2022.12.09"]
[EventType "team-swiss"]
[EventRounds "5"]
[EventCountry "SLO"]
[SourceTitle "EXT 2024"]
[Source "ChessBase"]
[SourceDate "2023.10.10"]
[SourceVersion "1"]
[SourceVersionDate "2023.10.10"]
[SourceQuality "1"]
[WhiteTeam "Ljubljana Karel Jeraj"]
[BlackTeam "Loska Dolina"]
[WhiteTeamCountry "SLO"]
[BlackTeamCountry "SLO"]

1. e4 d6 2. d4 Nf6 3. Bd3 g6 4. f4 c5 5. c3 Qb6 6. Nf3 Bg4 7. dxc5 Qxc5 8. Na3 Bg7 9. Nc2 0-0 10. Be3 Qc7 11. 0-0 Nc6 12. h3 Bxf3 13. Qxf3 Nd7 14. Nd4 a6 15. Rac1 Nc5 16. Bb1 e6 17. e5 Nd7 18. exd6 Qxd6 19. Nxc6 bxc6 20. Rcd1 Qc7 21. Be4 Rab8 22. Bxc6 Rfd8 23. Rxd7 Rxd7 24. Bxd7 Qxd7 25. Rd1 Qb5 26. Rd2 h5 27. Qe2 Qb7 28. Qc4 a5 29. Qa4 Qa6 30. Bd4 Bh6 31. Be5 Qa7+ 32. Qd4 Qxd4+ 33. cxd4 Rc8 34. d5 Rd8 35. d6 Bg7 36. Bxg7 Kxg7 37. Kf2 Kf6 38. g3 e5 39. fxe5+ Kxe5 40. d7 f5 41. Kf3 g5 0-1

[Event "SLO-chT2"]
[Site "Slovenia"]
[Date "2003.06.04"]
[Round "4"]
[White "Mulec, Dejan"]
[Black "Plahuta, Darko"]
[Result "0-1"]
[WhiteElo "1500"]
[BlackElo "2011"]
[PlyCount "102"]
[EventDate "2003.05.02"]
[EventType "team-tourn"]
[EventRounds "9"]
[EventCountry "SLO"]
[SourceTitle "EXT 2005"]
[Source "ChessBase"]
[SourceDate "2004.11.15"]
[SourceVersion "1"]
[SourceVersionDate "2004.11.15"]
[SourceQuality "1"]

1. d4 e6 2. c4 d5 3. Nc3 c6 4. e4 dxe4 5. Nxe4 Bb4+ 6. Bd2 Qxd4 7. Bxb4 Qxe4+ 8. Ne2 b6 9. Bf8 Qe5 10. Qd2 Ne7 11. 0-0-0 Bd7 12. Bxe7 Kxe7 13. f4 Qc7 14. g3 c5 15. Nc3 a6 16. Bg2 Bc6 17. Rhe1 Rd8 18. Nd5+ Bxd5 19. cxd5 Ra7 20. Qc3 Kf8 21. Re5 exd5 22. Rdxd5 Rxd5 23. Rxd5 Nc6 24. Rh5 Nd4 25. Kb1 Kg8 26. Re5 g6 27. h4 Qd7 28. Qe3 Qd6 29. g4 Ne6 30. Kc1 Qd4 31. Qxd4 Nxd4 32. h5 h6 33. Re8+ Kg7 34. hxg6 fxg6 35. Rb8 Ne2+ 36. Kc2 Nxf4 37. Bf3 b5 38. Rb7+ Rxb7 39. Bxb7 a5 40. Kc3 Ne2+ 41. Kd2 Nd4 42. Ba6 Kf6 43. Kc3 a4 44. b4 axb3 45. axb3 Ke5 46. b4 cxb4+ 47. Kxb4 Nc2+ 48. Kxb5 Ne3 49. g5 hxg5 50. Kc5 g4 51. Bb7 g3 0-1

[Event "SLO-chT2"]
[Site "Slovenia"]
[Date "2003.05.15"]
[Round "3"]
[White "Mulec, Dejan"]
[Black "Nikolic, Stanko"]
[Result "0-1"]
[WhiteElo "1500"]
[BlackElo "2057"]
[PlyCount "106"]
[EventDate "2003.05.02"]
[EventType "team-tourn"]
[EventRounds "9"]
[EventCountry "SLO"]
[SourceTitle "EXT 2005"]
[Source "ChessBase"]
[SourceDate "2004.11.15"]
[SourceVersion "1"]
[SourceVersionDate "2004.11.15"]
[SourceQuality "1"]

1. d4 d5 2. c4 c6 3. Nf3 Nf6 4. Nc3 e6 5. Bg5 Nbd7 6. e3 h6 7. Bxf6 Qxf6 8. Bd3 dxc4 9. Bxc4 b5 10. Bd3 Bb7 11. a3 a6 12. Qc2 c5 13. Be4 Bxe4 14. Qxe4 Qd8 15. dxc5 Bxc5 16. Rd1 Qc8 17. 0-0 0-0 18. Rc1 Qb8 19. Rfd1 Nf6 20. Qe5 Rc8 21. Qxb8 Raxb8 22. b4 Be7 23. e4 Rc7 24. e5 Nh7 25. Ne4 Rbc8 26. Rxc7 Rxc7 27. Nd4 Ng5 28. Nd2 f6 29. exf6 Bxf6 30. N2b3 Rd7 31. f4 Nf7 32. Kf1 e5 33. fxe5 Nxe5 34. Nc5 Rd6 35. Ke2 Nc4 36. Nc2 Rc6 37. Rd3 a5 38. h3 a4 39. g4 Bb2 40. Kf3 Ne5+ 41. Ke4 Nxd3 42. Kxd3 Kf7 43. Ke4 Ke7 44. h4 Rd6 45. Ke3 Rd1 46. Nd3 Bf6 47. h5 Kd6 48. Ke2 Rg1 49. Kf3 Rb1 50. Ke4 Rb3 51. Nc5 Rc3 52. Nd4 Bxd4 53. Kxd4 Rxa3 0-1

[Event "SLO-chT2"]
[Site "Slovenia"]
[Date "2002.07.29"]
[Round "5"]
[White "Mulec, Dejan"]
[Black "Spendal, Barbara"]
[Result "0-1"]
[WhiteElo "1500"]
[BlackElo "1681"]
[PlyCount "82"]
[EventDate "2002.04.07"]
[EventType "team-tourn"]
[EventRounds "9"]
[EventCountry "SLO"]
[SourceTitle "EXT 2005"]
[Source "ChessBase"]
[SourceDate "2004.11.15"]
[SourceVersion "1"]
[SourceVersionDate "2004.11.15"]
[SourceQuality "1"]

1. d4 Nf6 2. Nf3 g6 3. e3 Bg7 4. Bd3 d5 5. c4 e6 6. Nc3 b6 7. 0-0 Bb7 8. cxd5 Nxd5 9. Nxd5 Bxd5 10. a3 0-0 11. b4 Nd7 12. Qe2 e5 13. dxe5 Nxe5 14. Nxe5 Bxe5 15. Bb2 Bxb2 16. Qxb2 Bxg2 17. Kxg2 Qxd3 18. Qe5 Qd7 19. Rac1 Qg4+ 20. Qg3 Qe4+ 21. Kg1 c6 22. Qg2 Qxg2+ 23. Kxg2 Rac8 24. Rfd1 Rc7 25. Rd6 Rfc8 26. Rcd1 Kg7 27. Rd7 Kf6 28. R1d6+ Kg7 29. Kf3 Kf8 30. Kf4 Ke8 31. Rxc7 Rxc7 32. Kg5 h5 33. Kf6 c5 34. bxc5 Rxc5 35. Rd4 Rf5+ 36. Kg7 Rxf2 37. Re4+ Kd7 38. Rd4+ Kc6 39. e4 b5 40. h4 Rf4 41. Kf8 f5 0-1